000 00782nam a22002291i 4500
001 17151
090 _a17151
010 _a9789728570064
100 _a20170304u u u0frey50 ba
101 0 _apor
200 1 _fGraça Gonçalves
_aSorrisos de bem-querer
215 _a[64] p.
_cil.
_d10x17 cm
327 _aJogo com fichas destacáveis.
700 1 _aGonçalves
_bGraça
_4070
210 _cGostar
_d2001
225 2 _aPartilha de bem-querer
_v1
410 0 _tPartilha de bem-querer
676 _a159.942
996 _f0022042
_k159.942 GON
_m00000000
_n00000000
_aBMVA
_b1
_vViana do Alentejo
_xPsicologia
_y25
_eLivro
_16
996 _f0030916
_kGON
_m00000000
_n00000000
_aBMVAAL
_b3
_vAlcáçovas
_xPsicologia
_y25
_eLivro
_16
610 0 _aLivro+jogo Afectividade Sentimentos Psicologia
990 _cLIVROS